Theories of comparative analysis

Αποθηκεύτηκε σε:
Λεπτομέρειες βιβλιογραφικής εγγραφής
Κύριος συγγραφέας: Weld, Daniel S.
Μορφή: Βιβλίο
Γλώσσα:English
Δημοσίευση: Cambridge, Mass. : MIT Press, c1990
Θέματα:
Ετικέτες: Προσθήκη ετικέτας
Δεν υπάρχουν, Καταχωρήστε ετικέτα πρώτοι!

MARC

LEADER 00000cam a2200000 i 4500
001 1/28804
008 941103s1990 eng d
020 |a 0262231522 
035 |l 10038166 
035 |a 1993  |c ΠΑΝΑΓΙΩΤΟΠΟΥΛΟΣ 
040 |a GR-MY-UA  |b gre  |e aacr 
041 0 |a eng 
082 0 |a 006.3  |2 (20) 
100 1 |a Weld, Daniel S. 
245 1 0 |a Theories of comparative analysis /  |c Daniel S. Weld 
246 3 3 |a Comparative analysis 
260 |a Cambridge, Mass. :   |b MIT Press,   |c c1990 
300 |a xii, 184 p.;  |b ill.;  |c 24 cm 
500 |a Rev. version of author's dissertation 
504 |a Includes bibliographical references (p. [179]-182) and index 
650 0 0 |a Artificial intelligence. 
650 0 0 |a Reasoning. 
852 |a INST  |b SAMOS  |e 19941103  |h 006.3 WEL  |p 005300003677  |q 005300003677  |t BK  |y 0 
909 |a Σ  |b 030747